Formas costeras

Shranjeno v:
Bibliografske podrobnosti
Glavni avtor: Bores, P. S (Author)
Format: Knjiga
Jezik:španščina
Izdano: Madrid Escuela Técnica Superior de Ingenieros de Caminos, Canales y Puertos 1980
Teme:
Oznake: Označite
Brez oznak, prvi označite!

MARC

LEADER 00000nam a2200000 a 4500
001 UCI5987
003 CL-VaPUC
008 080418e19800000SP |||||||||||||||||spa|d
020 |a 8474930235 
082 0 4 |a 551.36  |b BOR  |2 21 
100 0 |a Bores, P. S  |e author  |9 528678 
245 1 0 |a Formas costeras 
300 |a pág. irreg 
942 |c BK 
945 |d 20080418 00:00:00  |a rbrito 
260 |a Madrid  |b Escuela Técnica Superior de Ingenieros de Caminos, Canales y Puertos  |c 1980 
650 0 |a Borde costero  |9 463353 
650 7 |a COSTA  |2 CL-VaPUC  |9 528679 
650 0 |a Erosión  |9 262782 
650 0 |a Geomorfología   |9 261377 
650 0 |a Mareas  |9 261385 
583 |a last modification  |c 20080418 00:00:00  |k Rodrigo Vera 
999 |c 329621  |d 329619 
952 |0 0  |1 0  |4 0  |6 551_360000000000000_BOR_1980  |7 0  |8 A  |9 414550  |a BIBING  |b BIBING  |d 2019-11-22  |i 4429281  |o 551.36 BOR 1980  |p 4429281  |r 2025-01-20  |w 2019-11-22  |y BK  |k GEO